[Event "CZE-ch U14"]
[Site "Kouty nad Desnou"]
[Date "2015.03.09"]
[Round "3"]
[White "Pavlik, Vladimir"]
[Black "Chlebek, Jan"]
[Result "0-1"]
[WhiteElo "1573"]
[BlackElo "1573"]
[PlyCount "78"]
[EventDate "2015.03.07"]
[EventType "swiss"]
[EventRounds "9"]
[EventCountry "CZE"]
[SourceTitle "EXT 2017"]
[Source "ChessBase"]
[SourceDate "2016.10.25"]
[SourceVersion "1"]
[SourceVersionDate "2016.10.25"]
[SourceQuality "1"]

1. e4 c5 2. c3 d5 3. exd5 Qxd5 4. d4 e6 5. Nf3 Nf6 6. Be2 Be7 7. Be3 cxd4 8. cxd4 0-0 9. 0-0 Nc6 10. Nc3 Qd8 11. Rc1 Nb4 12. a3 Nbd5 13. Nxd5 Nxd5 14. Qb3 b6 15. Rfd1 Bb7 16. Bd2 Qd6 17. Bg5 Bxg5 18. Nxg5 Rac8 19. Qd3 g6 20. Qh3 h5 21. Ne4 Qf4 22. Nc3 Qh6 23. Bf1 b5 24. Qd3 a6 25. Na2 h4 26. b4 Nf4 27. Qe3 Bxg2 28. Bxg2 Qg5 29. Qf3 h3 30. Rxc8 Rxc8 31. Re1 Nxg2 32. Rb1 Qd2 33. Qxh3 Qxa2 34. Rf1 Nf4 35. Qe3 Ne2+ 36. Kg2 Qd5+ 37. f3 Rc2 38. Rf2 Qxd4 39. Qg5 Nf4+ 0-1

[Event "CZE-ch U14"]
[Site "Kouty nad Desnou"]
[Date "2015.03.07"]
[Round "1"]
[White "Mladek, Richard"]
[Black "Pavlik, Vladimir"]
[Result "1-0"]
[WhiteElo "1717"]
[BlackElo "1573"]
[PlyCount "93"]
[EventDate "2015.03.07"]
[EventType "swiss"]
[EventRounds "9"]
[EventCountry "CZE"]
[SourceTitle "EXT 2017"]
[Source "ChessBase"]
[SourceDate "2016.10.25"]
[SourceVersion "1"]
[SourceVersionDate "2016.10.25"]
[SourceQuality "1"]

1. e4 c5 2. Nc3 Nc6 3. g3 d6 4. Bg2 Nf6 5. d3 e6 6. f4 Be7 7. Nf3 0-0 8. 0-0 a6 9. h3 b5 10. g4 Rb8 11. Be3 d5 12. e5 Ne8 13. d4 c4 14. Ne2 a5 15. Ng3 b4 16. f5 f6 17. fxe6 fxe5 18. Nxe5 Nxe5 19. Rxf8+ Bxf8 20. dxe5 Bxe6 21. Nf5 Qd7 22. Kh1 Nc7 23. Nd4 Bf7 24. Qf3 Bc5 25. Rd1 Bxd4 26. Bxd4 Be6 27. Rf1 Qe7 28. Kh2 Nb5 29. Qf4 Nxd4 30. Qxd4 Qd7 31. Rf4 h6 32. Qc5 a4 33. Kg3 b3 34. axb3 axb3 35. c3 Rc8 36. Qb6 Bf7 37. Rd4 Rd8 38. Rd2 Re8 39. Qd6 Rd8 40. Bxd5 Bxd5 41. Rxd5 Qxd6 42. exd6 Kf7 43. Kf4 Kf6 44. d7 g6 45. Ke4 Ke7 46. Kd4 Rf8 47. d8Q+ 1-0

[Event "Brno Duras op-B"]
[Site "Brno"]
[Date "2014.07.04"]
[Round "7"]
[White "Pavlik, Vladimir"]
[Black "Senasi, Martin"]
[Result "1-0"]
[WhiteElo "1436"]
[BlackElo "1695"]
[PlyCount "173"]
[EventDate "2014.06.28"]
[EventType "swiss"]
[EventRounds "9"]
[EventCountry "CZE"]
[SourceTitle "EXT 2017"]
[Source "ChessBase"]
[SourceDate "2016.10.25"]
[SourceVersion "1"]
[SourceVersionDate "2016.10.25"]
[SourceQuality "1"]

1. e4 e5 2. Nf3 Nc6 3. d4 exd4 4. Nxd4 Bc5 5. Nb3 Bb6 6. Bd3 d6 7. 0-0 Nge7 8. Nc3 Be6 9. Be3 Bxe3 10. fxe3 Ne5 11. Nd4 Bg4 12. Be2 Qd7 13. Bxg4 Nxg4 14. Qf3 Ng6 15. h3 N4e5 16. Qf2 0-0 17. Nd5 c6 18. Nf4 Rae8 19. Rad1 Ne7 20. Qg3 g6 21. Nh5 f5 22. Qg5 c5 23. Nf6+ Rxf6 24. Qxf6 cxd4 25. exd4 Rf8 26. Qg5 Nf7 27. Qe3 Qe6 28. d5 Qxe4 29. Qxe4 fxe4 30. Rfe1 Ne5 31. Rxe4 Nf5 32. Rf4 Rc8 33. Rf2 Kg7 34. a3 Ne3 35. Re1 Nxd5 36. Rd2 Nf6 37. Rxd6 Re8 38. Rdd1 Kf7 39. Rf1 Ke6 40. Rfe1 Nfd7 41. Rd4 a5 42. Ra4 Kd6 43. Rd1+ Kc6 44. Rxa5 Nc4 45. Rad5 Ndb6 46. R5d4 Nxb2 47. Rb1 N2c4 48. Rd3 Re2 49. Rc3 Kc5 50. Rxb6 Kxb6 51. Rxc4 Re7 52. Kf2 Kb5 53. Rc3 Ka4 54. Re3 Rc7 55. Kf3 Rxc2 56. Re7 Rb2 57. Rxh7 Kxa3 58. Rg7 Rb6 59. Kg3 Kb4 60. Kh4 Ka5 61. Kg5 Ka6 62. g4 Rc6 63. Rxg6 Rxg6+ 64. Kxg6 b5 65. Kh5 b4 66. g5 b3 67. g6 b2 68. g7 b1Q 69. g8Q Qh1 70. Qe6+ Kb7 71. Qd7+ Kb6 72. h4 Qg2 73. Kh6 Qg8 74. h5 Qf8+ 75. Qg7 Qf4+ 76. Kh7 Qh4 77. h6 Kc6 78. Kg6 Qg4+ 79. Kf7 Qc4+ 80. Kf8 Qf4+ 81. Kg8 Qb8+ 82. Kh7 Kd5 83. Qf7+ Kc6 84. Qe6+ Kc5 85. Qe3+ Kd5 86. Qg5+ Ke6 87. Qg8+ 1-0

[Event "Brno Duras op-B"]
[Site "Brno"]
[Date "2014.07.02"]
[Round "5"]
[White "Kacalek, Tomas"]
[Black "Pavlik, Vladimir"]
[Result "0-1"]
[WhiteElo "1506"]
[BlackElo "1436"]
[PlyCount "136"]
[EventDate "2014.06.28"]
[EventType "swiss"]
[EventRounds "9"]
[EventCountry "CZE"]
[SourceTitle "EXT 2017"]
[Source "ChessBase"]
[SourceDate "2016.10.25"]
[SourceVersion "1"]
[SourceVersionDate "2016.10.25"]
[SourceQuality "1"]

1. e4 c5 2. Nf3 Nc6 3. c3 d6 4. Be2 Nf6 5. d3 e6 6. 0-0 Be7 7. Re1 0-0 8. Nbd2 Bd7 9. Nf1 Rc8 10. Ng3 Qc7 11. Bd2 d5 12. Nf1 dxe4 13. dxe4 Nxe4 14. Bd3 Nxd2 15. Qxd2 Bf6 16. Rad1 Rfd8 17. Qc2 g6 18. h4 Ne7 19. h5 Bc6 20. hxg6 Nxg6 21. N1d2 Rd7 22. Ne4 Bxe4 23. Bxe4 Rcd8 24. Rc1 b6 25. g3 Bg7 26. Kg2 Bh6 27. Rb1 f5 28. Rh1 fxe4 29. Qxe4 Bf8 30. Qxe6+ Kh8 31. Qxg6 Rg7 32. Qc2 Qc6 33. Rbe1 Rf7 34. Re3 Bh6 35. Qe4 Qf6 36. Re2 Rdf8 37. Ne5 Rg7 38. Ng4 Rxg4 39. Qxg4 Rf7 40. Re8+ Bf8 41. Qe2 Qg7 42. Qe5 Rf6 43. Rh4 Qb7+ 44. Re4 Qg7 45. Rf4 Rxf4 46. Qxf4 Kg8 47. Qb8 Qf7 48. Re3 Qd5+ 49. f3 Qd2+ 50. Kh3 Qxe3 51. Qb7 Qe6+ 52. g4 Qxa2 53. Qe4 Qf7 54. c4 Qd7 55. Qf4 Kh8 56. Qe5+ Qg7 57. Qb8 h6 58. Qc8 Qf7 59. Kg3 Kg7 60. Qd8 Qe7 61. Qc8 Qe5+ 62. Kh3 Qf6 63. Qd7+ Be7 64. Qd3 Qxb2 65. Qe4 Bd6 66. Qb7+ Kf6 67. g5+ hxg5 68. Kg4 Qg2+ 0-1